Synthesis in Lipid Chemistry
Guardado en:
| Autor principal: | |
|---|---|
| Formato: | Libro |
| Lenguaje: | inglés |
| Publicado: |
Cambridge
The Royal Society of Chemistry
1996
|
| Edición: | 1. ed. |
| Colección: | Special Publication No. 180
|
| Materias: | |
| Acceso en línea: | Ver en el OPAC |
| Etiquetas: |
Sin Etiquetas, Sea el primero en etiquetar este registro!
|
MARC
| LEADER | 00000nam a2200000 a 4500 | ||
|---|---|---|---|
| 005 | 20260127134241.0 | ||
| 008 | 050518 1996 enk 000 0 eng d | ||
| 020 | |a 0854047166 | ||
| 035 | |a vtls008154836 | ||
| 039 | 9 | |y 200505181258 |z mschk03 | |
| 040 | |a STUSCHK1 |b slo |c STUSCHK1 |e AACR2 | ||
| 080 | |a 577.15 | ||
| 100 | 1 | |a Tyman, J.H.P. | |
| 245 | 1 | |a Synthesis in Lipid Chemistry | |
| 250 | |a 1. ed. | ||
| 260 | |a Cambridge |b The Royal Society of Chemistry |c 1996 | ||
| 300 | |a 232 s. | ||
| 490 | 0 | |a Special Publication No. 180 | |
| 500 | |a The Proceedings of a Symposium on Synthesis in Lipid Chemistry, organised by the RSC Lipid Chemistry Group, held on 15-16 Sept. 1994, at the University of Wales, Bangor | ||
| 650 | 0 | |a Lipid Chemistry | |
| 910 | |a SCHK95 | ||
| 919 | |a 0-85404-716-6 | ||
| 999 | |c 7830 |d 7830 | ||